[Event "NATO-ch 22nd"]
[Site "Kaunas"]
[Date "2011.08.12"]
[Round "7.30"]
[White "Kruit, Erik"]
[Black "Vuitton, Gilles"]
[Result "0-1"]
[WhiteElo "1914"]
[BlackElo "2094"]
[PlyCount "58"]
[EventDate "2011.08.??"]
[EventType "swiss"]
[EventRounds "7"]
[EventCountry "LTU"]
[WhiteTeam "NED"]
[BlackTeam "FRA"]

1. e4 c5 2. d4 cxd4 3. c3 g6 4. Nf3 Bg7 5. Bc4 Nf6 6. e5 Ng4 7. Bxf7+ Kxf7 8.
Ng5+ Kg8 9. Qxg4 Bxe5 10. cxd4 Bg7 11. Nc3 Nc6 12. Be3 Qa5 13. O-O Qf5 14. Qe2
h6 15. Nf3 d6 16. Rad1 Kh7 17. d5 Ne5 18. Nd4 Qf7 19. h3 g5 20. f4 gxf4 21.
Rxf4 Qg6 22. Rh4 Rf8 23. Ne4 Bd7 24. Ng5+ Kg8 25. Nge6 Bxe6 26. Nxe6 Nf3+ 27.
Kh1 Nxh4 28. Nxg7 Qxg7 29. Rd4 Nf5 0-1

[Event "NATO-ch 22nd"]
[Site "Kaunas"]
[Date "2011.08.12"]
[Round "7.31"]
[White "Pirs, Matjaz2"]
[Black "Ola, Nathanial"]
[Result "1-0"]
[WhiteElo "2066"]
[BlackElo "2019"]
[PlyCount "83"]
[EventDate "2011.08.??"]
[EventType "swiss"]
[EventRounds "7"]
[EventCountry "LTU"]
[WhiteTeam "SLO"]
[BlackTeam "USA"]

1. e4 d5 2. exd5 Qxd5 3. Nc3 Qd6 4. d4 Nf6 5. h3 Bf5 6. Nf3 c6 7. Bd3 Bg6 8.
Be3 e6 9. Ne5 Nbd7 10. f4 Qb4 11. a3 Qa5 12. O-O Bd6 13. b4 Qc7 14. Bd2 Rd8 15.
Bxg6 hxg6 16. Qe2 Kf8 17. Rae1 Qb6 18. Be3 Qc7 19. Nd1 a5 20. c3 axb4 21. axb4
Be7 22. Bd2 Re8 23. Nf2 Qd6 24. Nfd3 Nh5 25. Rf3 Bh4 26. Nc5 Ndf6 27. Ra1 Ng3
28. Qd3 b6 29. Nb3 Nge4 30. Be1 Bxe1 31. Rxe1 Qd5 32. c4 Qd6 33. Rxe4 Nxe4 34.
Qxe4 Qxb4 35. Qxc6 Rh5 36. Nd7+ Ke7 37. Nxb6 Rd8 38. Qc7+ Ke8 39. Kh2 Rf5 40.
d5 Rf6 41. Nd4 exd5 42. Re3+ 1-0

[Event "NATO-ch 22nd"]
[Site "Kaunas"]
[Date "2011.08.12"]
[Round "7.32"]
[White "Szczesniak, Andrzej"]
[Black "Dekker, Ard"]
[Result "1/2-1/2"]
[WhiteElo "2050"]
[BlackElo "1889"]
[PlyCount "40"]
[EventDate "2011.08.??"]
[EventType "swiss"]
[EventRounds "7"]
[EventCountry "LTU"]
[WhiteTeam "POL"]
[BlackTeam "NED"]

1. c4 Nf6 2. Nc3 g6 3. e4 d6 4. g3 Bg7 5. Bg2 c5 6. Nge2 O-O 7. O-O Nc6 8. a3
a5 9. Rb1 Ne8 10. d3 Bd7 11. h3 Nc7 12. Nd5 Rb8 13. Nb6 Ne6 14. Nxd7 Qxd7 15.
Nc3 Ned4 16. a4 e5 17. f4 f5 18. Kh2 exf4 19. Bxf4 Be5 20. Bh6 Bg7 1/2-1/2

[Event "NATO-ch 22nd"]
[Site "Kaunas"]
[Date "2011.08.12"]
[Round "7.34"]
[White "Demjen, Attila"]
[Black "Cohnen, Michael"]
[Result "1-0"]
[WhiteElo "2032"]
[BlackElo "1777"]
[PlyCount "83"]
[EventDate "2011.08.??"]
[EventType "swiss"]
[EventRounds "7"]
[EventCountry "LTU"]
[WhiteTeam "HUN"]
[BlackTeam "NATO"]

1. e4 c6 2. d4 d5 3. exd5 cxd5 4. c4 Nf6 5. Nc3 e6 6. a3 Be7 7. Nf3 O-O 8. c5
b6 9. b4 a5 10. Bb2 axb4 11. axb4 Rxa1 12. Qxa1 Nfd7 13. Bb5 Bb7 14. Qa7 Qc7
15. O-O Rc8 16. Rc1 e5 17. c6 Nxc6 18. Bxc6 Qxc6 19. b5 Qc7 20. Ne2 Qb8 21.
Qxb8 Nxb8 22. Rxc8+ Bxc8 23. dxe5 Bd7 24. Nc3 Be6 25. Nd4 Bc5 26. Na4 Nd7 27.
Nxc5 Nxc5 28. Nxe6 fxe6 29. Bd4 Nd7 30. f4 Kf7 31. Kf2 g6 32. g4 Kg7 33. Kf3
Kf7 34. h3 h6 35. h4 h5 36. Kg3 Kg8 37. f5 gxf5 38. gxf5 Kf7 39. Kf4 Ke7 40.
f6+ Kf7 41. Kg5 Nc5 42. Bxc5 1-0

[Event "NATO-ch 22nd"]
[Site "Kaunas"]
[Date "2011.08.12"]
[Round "7.35"]
[White "Giedraitis, Mingaudas"]
[Black "Crapulli, Giuseppe"]
[Result "1/2-1/2"]
[WhiteElo "1800"]
[BlackElo "1976"]
[PlyCount "52"]
[EventDate "2011.08.??"]
[EventType "swiss"]
[EventRounds "7"]
[EventCountry "LTU"]
[WhiteTeam "NATO"]
[BlackTeam "ITA"]

1. e4 c5 2. c3 Nf6 3. e5 Nd5 4. Nf3 Nc6 5. Bc4 Nb6 6. Bb3 e6 7. O-O d6 8. exd6
Bxd6 9. Na3 O-O 10. Nc4 Nxc4 11. Bxc4 a6 12. d4 cxd4 13. Nxd4 Nxd4 14. Qxd4 Qc7
15. Qh4 Bd7 16. Bd3 f5 17. Bg5 Rae8 18. Rad1 b5 19. Rd2 Bc6 20. Rfd1 Bc5 21.
Bf4 e5 22. Bg5 h6 23. Be3 Bxe3 24. fxe3 Qb6 25. Qf2 e4 26. Bc2 f4 1/2-1/2

[Event "NATO-ch 22nd"]
[Site "Kaunas"]
[Date "2011.08.12"]
[Round "7.36"]
[White "Bellemare, Regis"]
[Black "Steffers, Hendrik"]
[Result "0-1"]
[WhiteElo "1736"]
[BlackElo "1959"]
[PlyCount "36"]
[EventDate "2011.08.??"]
[EventType "swiss"]
[EventRounds "7"]
[EventCountry "LTU"]
[WhiteTeam "CAN"]
[BlackTeam "NATO"]

1. e4 e5 2. Nf3 Nc6 3. Bb5 d6 4. d4 exd4 5. Bxc6+ bxc6 6. Nxd4 c5 7. Nf3 Be7 8.
O-O Bg4 9. Qd3 Nf6 10. Nc3 O-O 11. Nd5 Nxd5 12. exd5 Bf6 13. Rb1 Rb8 14. b3 Re8
15. Nd2 Be2 16. Qg3 Bxf1 17. Kxf1 Qe7 18. Nf3 Qe2+ 0-1

[Event "NATO-ch 22nd"]
[Site "Kaunas"]
[Date "2011.08.12"]
[Round "7.38"]
[White "Troina, Giuseppe"]
[Black "De Cat, Ben"]
[Result "0-1"]
[WhiteElo "1200"]
[BlackElo "1900"]
[PlyCount "46"]
[EventDate "2011.08.??"]
[EventType "swiss"]
[EventRounds "7"]
[EventCountry "LTU"]
[WhiteTeam "ITA"]
[BlackTeam "BEL"]

1. e4 Nf6 2. Nc3 d6 3. Bc4 e5 4. d3 Be7 5. Nf3 Nbd7 6. Ng5 O-O 7. h4 c6 8. d4
b5 9. Nxf7 Rxf7 10. Bxf7+ Kxf7 11. Be3 b4 12. Na4 Nb6 13. Nxb6 axb6 14. Qf3 Kg8
15. O-O-O Bg4 16. Qg3 Bxd1 17. Kxd1 Rxa2 18. Bh6 Bf8 19. Ke2 Qe8 20. dxe5 Rxb2
21. exf6 Qxe4+ 22. Qe3 Qxc2+ 23. Kf3 Rb3 0-1

[Event "NATO-ch 22nd"]
[Site "Kaunas"]
[Date "2011.08.12"]
[Round "7.39"]
[White "Geerts, Luc"]
[Black "Lukjanovas, Vladas"]
[Result "1/2-1/2"]
[WhiteElo "1515"]
[BlackElo "1893"]
[PlyCount "89"]
[EventDate "2011.08.??"]
[EventType "swiss"]
[EventRounds "7"]
[EventCountry "LTU"]
[WhiteTeam "BEL"]
[BlackTeam "LTU"]

1. d4 Nf6 2. c4 e5 3. d5 Bc5 4. e3 d6 5. Be2 O-O 6. Nc3 Bf5 7. a3 a5 8. Nf3
Nbd7 9. O-O Ba7 10. b4 Ne4 11. Bb2 Ndf6 12. Qc1 Nxf2 13. Rxf2 Ng4 14. Nd1 Nxf2
15. Nxf2 Bg6 16. Qc3 f5 17. c5 Qe7 18. Bc4 Kh8 19. Re1 Bh5 20. Be2 Rae8 21. Bc1
axb4 22. axb4 dxc5 23. bxc5 Qxc5 24. Qxc5 Bxc5 25. Ng5 Bf7 26. Bc4 h6 27. Nxf7+
Rxf7 28. d6 Rd7 29. dxc7 Rxc7 30. Bb5 Rec8 31. Bb2 Bb4 32. Rd1 Bc3 33. Ba3 f4
34. exf4 exf4 35. Bd6 Rf7 36. Kf1 Rd8 37. Ba3 Rxd1+ 38. Nxd1 Bd4 39. Ke2 b6 40.
Nf2 Ra7 41. Bb4 Bxf2 42. Kxf2 Ra2+ 43. Be2 g5 44. Bc3+ Kg8 45. h3 1/2-1/2

[Event "NATO-ch 22nd"]
[Site "Kaunas"]
[Date "2011.08.12"]
[Round "7.40"]
[White "Voroblievas, Arturas"]
[Black "Adkins, James D"]
[Result "0-1"]
[WhiteElo "1857"]
[BlackElo "2016"]
[PlyCount "76"]
[EventDate "2011.08.??"]
[EventType "swiss"]
[EventRounds "7"]
[EventCountry "LTU"]
[WhiteTeam "LTU"]
[BlackTeam "USA"]

1. e4 g6 2. d4 Bg7 3. Nc3 d6 4. f4 Nf6 5. Nf3 c5 6. dxc5 Qa5 7. Bb5+ Bd7 8. Qe2
O-O 9. O-O Nxe4 10. Qxe4 Bxb5 11. Nxb5 Qxb5 12. cxd6 exd6 13. Be3 Nc6 14. a4
Qa5 15. c3 Rfe8 16. Qd3 d5 17. f5 Rad8 18. b4 Qc7 19. Bg5 f6 20. fxg6 fxg5 21.
gxh7+ Kh8 22. Nxg5 Ne5 23. Qh3 Qb6+ 24. Kh1 Qg6 25. Qg3 Rf8 26. Rae1 Rde8 27.
Rxf8+ Rxf8 28. h3 Nf7 29. Nxf7+ Qxf7 30. Qd3 b6 31. Kh2 Qf4+ 32. Kh1 Be5 33.
Rxe5 Qxe5 34. Kg1 Qe4 35. Qg3 Qb1+ 36. Kh2 Qf5 37. Kg1 Qf1+ 38. Kh2 Qf4 0-1

[Event "NATO-ch 22nd"]
[Site "Kaunas"]
[Date "2011.08.12"]
[Round "7.42"]
[White "Chwieseni, Edward"]
[Black "Jackson, Andy"]
[Result "1/2-1/2"]
[WhiteElo "1960"]
[BlackElo "1840"]
[PlyCount "20"]
[EventDate "2011.08.??"]
[EventType "swiss"]
[EventRounds "7"]
[EventCountry "LTU"]
[WhiteTeam "ENG"]
[BlackTeam "BEL"]

1. e4 e5 2. Nf3 Nf6 3. Nc3 Nc6 4. Bb5 d6 5. d4 Bd7 6. Bg5 Be7 7. Bxf6 Bxf6 8.
Bxc6 Bxc6 9. dxe5 dxe5 10. O-O O-O 1/2-1/2

[Event "NATO-ch 22nd"]
[Site "Kaunas"]
[Date "2011.08.12"]
[Round "7.43"]
[White "Cappon, Kaan"]
[Black "Ghiacy, Jelani"]
[Result "1-0"]
[WhiteElo "1899"]
[BlackElo "1154"]
[PlyCount "51"]
[EventDate "2011.08.??"]
[EventType "swiss"]
[EventRounds "7"]
[EventCountry "LTU"]
[WhiteTeam "BEL"]
[BlackTeam "CAN"]

1. e4 e5 2. Nf3 d6 3. Bc4 h6 4. Nc3 Nf6 5. d3 Nbd7 6. Be3 a6 7. Qe2 c5 8. a4
Qa5 9. O-O Qb6 10. a5 Qd8 11. Bd5 Rb8 12. Bc4 Be7 13. Nh4 Nxe4 14. Nxe4 Bxh4
15. Nxd6+ Kf8 16. Nxf7 Qf6 17. Nxh8 Ke7 18. Qh5 Bg5 19. Bxg5 hxg5 20. Qf7+ Qxf7
21. Nxf7 Nf8 22. Nxe5 Kf6 23. Rae1 b6 24. f4 Nh7 25. f5 bxa5 26. Ng4# 1-0

[Event "NATO-ch 22nd"]
[Site "Kaunas"]
[Date "2011.08.12"]
[Round "7.44"]
[White "Ulusoy, Mustafa"]
[Black "Stone, Stephen"]
[Result "1-0"]
[WhiteElo "1720"]
[BlackElo "1609"]
[PlyCount "51"]
[EventDate "2011.08.??"]
[EventType "swiss"]
[EventRounds "7"]
[EventCountry "LTU"]
[WhiteTeam "NATO"]
[BlackTeam "CAN"]

1. d4 c5 2. d5 Nf6 3. c4 g6 4. Nc3 Bg7 5. e4 d6 6. Bd3 Nbd7 7. Nge2 Ne5 8. O-O
O-O 9. f4 Nxd3 10. Qxd3 Bg4 11. h3 Bxe2 12. Nxe2 e6 13. Bd2 exd5 14. exd5 Re8
15. Ng3 Qd7 16. Bc3 Re7 17. Rae1 Rae8 18. Rxe7 Rxe7 19. f5 Bh6 20. Rf3 Nh5 21.
Nxh5 gxh5 22. Rg3+ Kf8 23. f6 Re3 24. Rxe3 Bxe3+ 25. Qxe3 Qf5 26. Qe7+ 1-0